[Event "RUS-chT Premier 2021"]
[White "Antipov,Mikhail Al."]
[Black "Esipenko,Andrey"]
[WhiteTeam "Wildberries Молодёжка"]
[BlackTeam "Медный всадник"]
[Site "Sochi"]
[Round "8.16"]
[Annotator "TA"]
[Result "0-1"]
[Date "2021.05.09"]
[WhiteElo "2609"]
[BlackElo "2701"]
[PlyCount "92"]

1. e4 {} c6 2. d4 d5 3. exd5 cxd5 4. Bd3 Nf6 5. h3 Nc6 6. c3 g6 7. Nf3 {B13: Caro-Kann: Exchange
Variation and Panov-Botvinnik Attack.} Bf5 8. Be2 {is currently scoring better
than 8.0-0.} e6 $5 { Leaves trodden paths.} 9. 0-0 {[#] The position
is equal.} a6 $5 $146 { New and interesting.} ({Predecessor:} 9... h6 10. Re1 g5 11. Ne5 Nxe5 12. dxe5 Nd7 13. c4 dxc4 14. Bxc4 Nxe5 15. Bb5+ Nc6 {
1-0 (46) Studer,N (2582)-Peralta,F (2586) Barbera del Valles 2020} )10. Re1 h6 11. a3 Qc7 12. Nbd2 g5 13. c4 Rd8 (13... Bg7 $15 )14. c5 (14. b4 $11 {keeps
the balance.} )Ne4 15. b4 h5 (15... Nc3 $5 {} 16. Qb3 Nxe2+ 17. Rxe2 h5 $17 )16. Bb2 (16. Nxe4 $15 dxe4 17. Nxg5 Nxd4 18. Bd2 )g4 $36 { Black is on the roll.} 17. Ne5 (17. Nxe4 $17 dxe4 18. Nh4 )gxh3 $19 18. Nxe4 Bxe4 19. Bf3 Nxe5 20. dxe5 Rg8 $1 21. g3 (21. Qe2 $142 )h4 $1 {} 22. g4 {[#]} f5 23. exf6 {[#]} (23. g5 $142 Rxg5+ 24. Kh1 )Rxg4+ $3 {} 24. Kh1 Qf4 25. Re3 Bxf3+ (25... Bh6 $19 {is more
deadly. aiming for ...Qf5.} 26. Qe2 Qf5 27. Rxe4 Rxe4 28. Bxe4 dxe4 )26. Qxf3 $17 Qxf3+ 27. Rxf3 {and if f7+ works, White does fine.} Kf7 28. Kh2 (28. Rg1 $17 {was worth a try.} Rxg1+ 29. Kxg1 )Re4 29. Kxh3 d4 30. Rd1 e5 $2 (30... Bh6 $19 {And now ...e5 would win.} 31. Rb3 e5 )31. Bc1 $11 Rd7 32. Kg2 {
White is now going downhill.} (32. Bg5 $11 )Ke6 ({Better is} 32... Rg4+ $17 33. Kh3 Rg6 34. Kxh4 Ke6 )33. f7 $2 {[#]} (33. Kh3 $1 $11 {and White is
okay.} )Re2 ({Don't go for} 33... Rxf7 $2 34. Rxf7 Kxf7 35. Kf3 $18 )(33... Rg4+ $1 $19 {has better winning chances.} 34. Kh3 Rg7 )34. Kf1 $2 (34. Bg5 $17 Rxf7 35. Rxf7 Kxf7 36. Bxh4 )Rc2 $19 35. Bg5 Rxf7 36. Rxf7 Kxf7 37. Bxh4 { Endgame KRB-KRB} Bg7 38. f3 Ke6 39. Rb1 Bf8 40. Re1 $2 (40. a4 )Bh6 41. Bg3 Be3 42. Re2 Rc1+ 43. Re1 Rc2 44. Re2 $1 {
} Rc3 {Black is clearly winning.} 45. Bf2 Rxa3 46. Bxe3 Rxe3 {Weighted Error
Value: White=0.66/Black=0.33} ({Less strong is} 46... dxe3 47. Rc2 $17 )0-1

[Event "RUS-chT Premier 2021"]
[White "Fedoseev,Vladimir"]
[Black "Yuffa,Daniil"]
[WhiteTeam "Медный всадник"]
[BlackTeam "Wildberries Молодёжка"]
[Site "Sochi"]
[Round "8.17"]
[Annotator "TA"]
[Result "1/2-1/2"]
[Date "2021.05.09"]
[WhiteElo "2687"]
[BlackElo "2584"]
[PlyCount "114"]

1. d4 {} d5 2. c4 c6 3. Nf3 Nf6 4. Qc2 dxc4 5. Qxc4 Bg4 6. Nbd2 Nbd7 {D23: Queen's
Gambit Accepted: 3 Nf3 Nf6 sidelines.} 7. g3 e6 8. Bg2 Be7 9. 0-0 0-0 10. b3 Rc8 11. Bb2 b5 12. Qc2 c5 13. Rfc1 Qb6 14. a4 a6 {[#]} 15. e3 $146 ({
Predecessor:} 15. axb5 axb5 16. Qd1 h6 17. Qf1 Bf5 18. e3 c4 19. bxc4 bxc4 20. Bc3 Bd3 21. Qd1 {1/2-1/2 (30) Sasikiran,K (2640)-Le,Q (2699) Al Ain 2015} )Nd5 16. e4 Nb4 17. Qc3 {[#] Threatens to win with dxc5.} Bf6 18. Qe3 Bxf3 19. Nxf3 cxd4 20. Bxd4 Bxd4 21. Qxd4 Qxd4 22. Nxd4 bxa4 {And now ...Rxc1+
would win.} 23. Rxc8 Rxc8 24. Rxa4 Rb8 25. Ra5 h6 26. e5 Rc8 27. Bf1 g5 28. Bc4 Rd8 29. Be2 Nb8 30. Nf3 N8c6 31. Rc5 g4 32. Ne1 h5 33. Nd3 {[#]} Nd4 $1 {
The position is equal.} 34. Nxb4 Nxe2+ $11 { Endgame KRN-KRN} 35. Kg2 Rd1 {} 36. h3 a5 (36... Nd4 {is interesting.} 37. hxg4 hxg4 38. Rc4 a5 39. Nc6 Nxc6 40. Rxc6 Rd4 )37. Rxa5 Ng1 38. hxg4 hxg4 {
( -> ...Nf3)} 39. Nc2 {Ra4 is the strong threat.} (39. f4 {looks sharper.} gxf3+ 40. Kf2 Ne2 41. Kxf3 Nd4+ 42. Ke3 )Nf3 {} 40. Ra1 Rd2 41. Ne3 Nxe5 42. Ra5 Nd3 43. Nxg4 f5 44. Ne5 Rxf2+ 45. Kg1 Rd2 46. Nf3 Rd1+ 47. Kg2 Kg7 48. Ra2 Rc1 49. Nd4 Kf6 50. Ra6 Re1 51. Rd6 Nb4 52. Kf3 Ke7 53. Rxe6+ Rxe6 54. Nxe6 Kxe6 55. g4 Nd5 {Strongly threatening ...f4.} 56. gxf5+ Kxf5 57. b4 Nxb4 {Weighted Error Value: White=0.02/Black=0.01} 1/2-1/2

[Event "RUS-chT Premier 2021"]
[White "Kryakvin,Dmitry"]
[Black "Ponkratov,Pavel"]
[WhiteTeam "Wildberries Молодёжка"]
[BlackTeam "Медный всадник"]
[Site "Sochi"]
[Round "8.18"]
[Annotator "RC"]
[Result "1/2-1/2"]
[Date "2021.05.09"]
[WhiteElo "2577"]
[BlackElo "2619"]
[PlyCount "54"]
[TimeControl "60"]

1. Nf3 {[%emt 0:0:0]} Nf6 {[%emt 0:0:0]} 2. c4 {[%emt 0:0:25]} e6 {[%emt 0:0:0]
} 3. g3 {[%emt 0:4:5]} d5 {[%emt 0:0:0]} 4. d4 {[%emt 0:0:0]} Bb4+ {[%emt 0:0:0]} 5. Bd2 {[%emt 0:0:30]} Be7 {[%emt 0:0:5]} 6. Bg2 {[%emt 0:1:8]} 0-0 {[%emt 0:0:7]} 7. 0-0 {[%emt 0:0:37]} Nbd7 {[%emt 0:0:0]} 8. Qc2 {[%emt 0:1:11]} Ne4 {[%emt 0:0:8]} 9. Nc3 {[%emt 0:3:3]} Nxd2 {[%emt 0:0:6]} 10. Nxd2 {[%emt 0:2:17]} c6 {[%emt 0:0:5]} 11. e3 {[%emt 0:0:0]} Rb8 {[%emt 0:6:44]} 12. Rfd1 {[%emt 0:10:50]} dxc4 {[%emt 0:22:58]} 13. Nxc4 {[%emt 0:11:52]} b5 {[%emt 0:0:25]} 14. Nd2 {[%emt 0:1:3]} c5 {[%emt 0:20:26]
} 15. dxc5 {[%emt 0:0:44]} Nxc5 {[%emt 0:1:23]} 16. Nb3 {[%emt 0:1:54]
} Qb6 {[%emt 0:2:50]} 17. Nxc5 {[%emt 0:4:48]} Qxc5 {[%emt 0:0:0]} 18. Rac1 {[%emt 0:1:35]} Qb6 {[%emt 0:1:21]} 19. Ne4 {[%emt 0:10:8]} Bb7 {[%emt 0:1:26]} 20. Qc7 {[%emt 0:4:52]} Qxc7 {[%emt 0:2:10]} 21. Rxc7 {[%emt 0:0:6]
} Bd8 {[%emt 0:0:9]} 22. Rcd7 {[%emt 0:6:10]} Bxe4 {[%emt 0:0:0]} 23. Bxe4 {[%emt 0:0:11]} Bb6 {[%emt 0:0:3]} 24. Kf1 {[%emt 0:3:9]} Rfd8 {[%emt 0:1:29]} 25. Ke2 {[%emt 0:0:34]} Kf8 {[%emt 0:1:48]} 26. Rxd8+ {[%emt 0:5:52]
} Rxd8 {[%emt 0:0:6]} 27. Rxd8+ {[%emt 0:0:10]} Bxd8 {[%emt 0:0:0]} 1/2-1/2

[Event "RUS-chT Premier 2021"]
[White "Motylev,Alexander"]
[Black "Artemiev,Vladislav"]
[WhiteTeam "Гоголевский, 14"]
[BlackTeam "Ладья"]
[Site "Sochi"]
[Round "8.19"]
[Annotator "TA"]
[Result "1/2-1/2"]
[Date "2021.05.09"]
[WhiteElo "2641"]
[BlackElo "2709"]
[PlyCount "43"]

1. e4 {} c5 2. Nf3 d6 3. d4 cxd4 4. Nxd4 Nf6 5. Nc3 Nc6 6. Bg5 Bd7 7. Nxc6 {B60: Sicilian: Richter-Rauzer: Unusual Black 6th moves
and 6...Bd7 without 7 Qd2.} bxc6 8. Bc4 e6 9. 0-0 {[#] White is slightly
better.} Be7 $146 ({Predecessor:} 9... Qa5 10. Bxf6 gxf6 11. Qd4 Qe5 12. Qd3 Rb8 13. Rad1 Be7 14. f4 Qa5 15. Bb3 d5 {1-0 (47) Jackova,J (2233)-Matnadze,A 
(2280) Oropesa del Mar 1999} )10. Bxf6 gxf6 11. Qh5 Qb6 12. Bb3 Qd4 13. Kh1 Qe5 14. Qe2 h5 15. f4 Qa5 16. Rad1 f5 17. Rf3 h4 {[#]} 18. h3 (18. exf5 $1 $16 Qxf5 19. Ne4 )Rd8 ({Black should play} 18... Rg8 $11 )19. Qe3 ({Better is} 19. exf5 $14 Qxf5 20. Qa6 )Rh5 20. exf5 Rxf5 21. Qd4 {aiming for Qh8+.} Bc8 $1 22. Ne2 {Weighted Error Value: White=0.19/Black=0.13} 1/2-1/2

[Event "RUS-chT Premier 2021"]
[White "Oparin,Grigoriy"]
[Black "Goryachkina,Aleksandra"]
[WhiteTeam "Ладья"]
[BlackTeam "Гоголевский, 14"]
[Site "Sochi"]
[Round "8.20"]
[Annotator "TA"]
[Result "1/2-1/2"]
[Date "2021.05.09"]
[WhiteElo "2652"]
[BlackElo "2593"]
[PlyCount "82"]

1. Nf3 {} d5 2. g3 c6 3. c4 Bg4 4. Ne5 Be6 5. d4 Nd7 6. Nf3 Ngf6 7. Bg2 Bf5 8. Nc3 e6 9. Qb3 {9.Qb3 is a
critical line. D11: Slav Defence: 3 Nf3 sidelines and 3...Nf6 4 e3 Bg4.} Qb6 10. c5 Qc7 11. Nh4 {White is slightly better.} Bg4 {[#]} 12. h3 $146 ({
Predecessor:} 12. f3 Bh5 13. Bf4 Qc8 14. g4 Bg6 15. Qd1 Be7 16. Nxg6 hxg6 17. e4 Nh7 18. 0-0 g5 19. Bg3 Nhf8 20. Bd6 Bxd6 21. cxd6 {1-0 (49) Shevchenko,K 
(2531)-Sieglen,J (2232) Germany 2018} )Bh5 13. Bf4 Qc8 14. g4 Bg6 15. Nxg6 hxg6 16. g5 Nh5 17. Bh2 Be7 $1 18. h4 Bd8 19. e3 Bc7 20. Bxc7 Qxc7 21. Ne2 b6 22. cxb6 $1 axb6 23. 0-0 c5 24. Rfc1 0-0 25. a4 Rfc8 26. Qd1 Qd8 27. b3 Qe7 28. Ra2 f6 29. f4 cxd4 30. Nxd4 Kh7 (30... Rxc1 $14 31. Qxc1 Kh8 )31. Rac2 $1 $16 {} Rxc2 32. Rxc2 ({Don't play} 32. Nxc2 $6 Rc8 $11 )Nc5 {
[#]} (32... Rf8 $16 {was called for.} )33. gxf6 (33. Bf3 $1 $18 {} Ng3 34. h5 gxh5 35. Bxh5 )gxf6 34. b4 Nxa4 {[#]} (34... Ne4 $1 $14 )35. Qc1 ({Better is} 35. f5 $1 $16 Ng7 36. fxg6+ Kxg6 37. h5+ Kh7 38. Qg4 )Qxb4 $11 {White must now prevent ...Nc5.The position is equal.} 36. Rc7+ Kh6 {
And now ...Nxf4! would win.} 37. Rc8 Rxc8 { Overworked Piece} 38. Qxc8 {} Qe1+ { Double Attack} 39. Kh2 {} Qxh4+ 40. Kg1 {} Qe1+ { Double Attack} 41. Kh2 {} Qh4+ {
Weighted Error Value: White=0.15/Black=0.15} 1/2-1/2

[Event "RUS-chT Premier 2021"]
[White "Kobalia,Mikhail"]
[Black "Timofeev,Artyom"]
[WhiteTeam "Гоголевский, 14"]
[BlackTeam "Ладья"]
[Site "Sochi"]
[Round "8.21"]
[Annotator "ChessBase"]
[Result "1/2-1/2"]
[Date "2021.05.09"]
[WhiteElo "2587"]
[BlackElo "2594"]
[PlyCount "100"]
[TimeControl "60"]

1. d4 {[%emt 0:0:0]} d5 {[%emt 0:0:24]} 2. c4 {[%emt 0:0:0]} e6 {[%emt 0:0:0]} 3. Nc3 {[%emt 0:0:22]} Nf6 {[%emt 0:0:17]} 4. Nf3 {[%emt 0:1:46]} c5 {[%emt 0:10:30]} 5. cxd5 {[%emt 0:1:33]} Nxd5 {[%emt 0:0:19]} 6. e4 {[%emt 0:0:0]} Nxc3 {[%emt 0:0:14]} 7. bxc3 {[%emt 0:0:3]} cxd4 {[%emt 0:0:21]} 8. cxd4 {[%emt 0:0:3]} Bb4+ {[%emt 0:0:14]} 9. Bd2 {[%emt 0:0:3]} Bxd2+ {[%emt 0:0:10]
} 10. Qxd2 {[%emt 0:0:3]} 0-0 {[%emt 0:1:19]} 11. Rc1 {[%emt 0:1:26]
} b6 {[%emt 0:1:58]} 12. Bd3 {[%emt 0:0:57]} Bb7 {[%emt 0:0:0]} 13. 0-0 {[%emt 0:0:10]} Nd7 {[%emt 0:0:20]} 14. Qf4 {[%emt 0:10:4]} Rc8 {[%emt 0:2:23]} 15. Rxc8 {[%emt 0:8:36]} Qxc8 {[%emt 0:0:48]} 16. Rc1 {[%emt 0:0:26]
} Qb8 {[%emt 0:0:24]} 17. Qxb8 {[%emt 0:1:33]} Rxb8 {[%emt 0:0:0]} 18. Rc7 {[%emt 0:1:11]} Nf6 {[%emt 0:0:50]} 19. Ng5 {[%emt 0:3:33]} h6 {[%emt 0:35:44]} 20. Nxf7 {[%emt 0:0:39]} Bxe4 {[%emt 0:0:9]} 21. Bxe4 {[%emt 0:7:2]
} Nxe4 {[%emt 0:0:6]} 22. f3 {[%emt 0:7:0]} Nf6 {[%emt 0:0:0]} 23. Rxa7 {[%emt 0:1:38]} Nd5 {[%emt 0:3:18]} 24. Ne5 {[%emt 0:10:56]} Rc8 {[%emt 0:2:47]} 25. h4 {[%emt 0:5:52]} Nf4 {[%emt 0:4:17]} 26. g4 {[%emt 0:19:47]
} Rc1+ {[%emt 0:7:50]} 27. Kf2 {[%emt 0:0:9]} Rc2+ {[%emt 0:0:0]} 28. Kf1 {[%emt 0:0:25]} Rc1+ {[%emt 0:0:8]} 29. Kf2 {[%emt 0:0:2]} Rc2+ {[%emt 0:0:7]} 30. Ke1 {[%emt 0:0:13]} Ng2+ {[%emt 0:0:13]} 31. Kd1 {[%emt 0:0:17]
} Ne3+ {[%emt 0:0:7]} 32. Ke1 {[%emt 0:0:1]} Ng2+ {[%emt 0:0:0]} 33. Kf1 {[%emt 0:0:7]} Nxh4 {[%emt 0:0:25]} 34. Re7 {[%emt 0:4:14]} Ng2 {[%emt 0:7:27]} 35. Rxe6 {[%emt 0:0:26]} Ne3+ {[%emt 0:4:13]} 36. Kg1 {[%emt 0:0:33]
} Rg2+ {[%emt 0:0:45]} 37. Kh1 {[%emt 0:0:1]} Rxa2 {[%emt 0:0:0]} 38. Rxb6 {[%emt 0:0:43]} Rd2 {[%emt 0:0:30]} 39. Rd6 {[%emt 0:1:11]} Kh7 {[%emt 0:9:58]} 40. Rd8 {[%emt 0:0:0]} Nf1 {[%emt 0:0:0]} 41. Kg1 {[%emt 0:7:41]
} Ng3 {[%emt 0:6:25]} 42. Nc6 {[%emt 0:2:13]} h5 {[%emt 0:0:0]} 43. gxh5 {[%emt 0:0:39]} Nxh5 {[%emt 0:1:5]} 44. d5 {[%emt 0:0:57]} Nf4 {[%emt 0:1:16]} 45. Ne7 {[%emt 0:4:1]} Ng6 {[%emt 0:2:8]} 46. Nxg6 {[%emt 0:10:30]
} Kxg6 {[%emt 0:1:4]} 47. Kf1 {[%emt 0:0:16]} Kf6 {[%emt 0:0:0]} 48. Ke1 {[%emt 0:0:4]} Rd4 {[%emt 0:0:7]} 49. Kf2 {[%emt 0:0:4]} Ke7 {[%emt 0:0:28]} 50. Ke3 {[%emt 0:0:32]} Rd1 {[%emt 0:0:7]} 1/2-1/2

[Event "RUS-chT Premier 2021"]
[White "Makhmutov,Rail"]
[Black "Tregubov,Pavel V."]
[WhiteTeam "Ладья"]
[BlackTeam "Гоголевский, 14"]
[Site "Sochi"]
[Round "8.22"]
[Annotator "ChessBase"]
[Result "1/2-1/2"]
[Date "2021.05.09"]
[WhiteElo "2450"]
[BlackElo "2560"]
[PlyCount "46"]
[TimeControl "60"]

1. d4 {[%emt 0:0:0]} Nf6 {[%emt 0:0:0]} 2. c4 {[%emt 0:0:0]} e6 {[%emt 0:0:0]} 3. Nf3 {[%emt 0:0:6]} Bb4+ {[%emt 0:0:0]} 4. Bd2 {[%emt 0:0:9]} Qe7 {[%emt 0:0:0]} 5. e3 {[%emt 0:0:37]} Bxd2+ {[%emt 0:3:53]} 6. Qxd2 {[%emt 0:7:55]
} d6 {[%emt 0:0:11]} 7. Bd3 {[%emt 0:9:38]} e5 {[%emt 0:2:22]} 8. Bc2 {[%emt 0:0:43]} Bg4 {[%emt 0:5:57]} 9. Nc3 {[%emt 0:1:42]} Bxf3 {[%emt 0:22:53]
} 10. gxf3 {[%emt 0:0:4]} exd4 {[%emt 0:0:9]} 11. Qxd4 {[%emt 0:0:13]
} Nc6 {[%emt 0:0:7]} 12. Qd2 {[%emt 0:9:6]} 0-0-0 {[%emt 0:0:0]} 13. 0-0-0 {[%emt 0:7:45]} g6 {[%emt 0:6:30]} 14. Qe2 {[%emt 0:6:14]} Nb4 {[%emt 0:7:24]} 15. Bb1 {[%emt 0:4:17]} Rhe8 {[%emt 0:0:43]} 16. f4 {[%emt 0:8:16]
} Na6 {[%emt 0:2:55]} 17. Rd4 {[%emt 0:3:43]} Nc5 {[%emt 0:0:0]} 18. Rhd1 {[%emt 0:0:45]} Qd7 {[%emt 0:1:41]} 19. Qf3 {[%emt 0:1:29]} Qg4 {[%emt 0:6:24]} 20. Qg3 {[%emt 0:2:38]} Ne6 {[%emt 0:2:41]} 21. R4d2 {[%emt 0:1:1]
} Nc5 {[%emt 0:0:34]} 22. Rd4 {[%emt 0:6:11]} Ne6 {[%emt 0:0:0]} 23. R4d2 {[%emt 0:0:8]} Nc5 {[%emt 0:0:7]} 1/2-1/2

[Event "RUS-chT Premier 2021"]
[White "Murzin,Volodar"]
[Black "Samusenko,Maksim"]
[WhiteTeam "Гоголевский, 14"]
[BlackTeam "Ладья"]
[Site "Sochi"]
[Round "8.23"]
[Annotator "ChessBase"]
[Result "1-0"]
[Date "2021.05.09"]
[WhiteElo "2478"]
[BlackElo "2467"]
[PlyCount "79"]
[TimeControl "60"]

1. e4 {[%emt 0:0:0]} d6 {[%emt 0:0:0]} 2. d4 {[%emt 0:0:0]} Nf6 {[%emt 0:0:0]} 3. Nc3 {[%emt 0:0:1]} g6 {[%emt 0:0:34]} 4. Be3 {[%emt 0:1:27]} c6 {[%emt 0:1:1]} 5. f3 {[%emt 0:7:40]} Nbd7 {[%emt 0:3:5]} 6. Qd2 {[%emt 0:0:0]} b5 {[%emt 0:0:46]} 7. Bd3 {[%emt 0:8:11]} Bb7 {[%emt 0:3:24]} 8. Nge2 {[%emt 0:1:23]} Qc7 {[%emt 0:2:24]} 9. a3 {[%emt 0:10:5]} a6 {[%emt 0:0:0]} 10. g4 {[%emt 0:1:49]} e5 {[%emt 0:8:23]} 11. g5 {[%emt 0:3:21]} Nh5 {[%emt 0:1:49]} 12. Ng3 {[%emt 0:7:10]} Nf4 {[%emt 0:8:35]} 13. Bxf4 {[%emt 0:9:19]
} exf4 {[%emt 0:0:5]} 14. Qxf4 {[%emt 0:0:3]} h6 {[%emt 0:0:0]} 15. h4 {[%emt 0:12:34]} hxg5 {[%emt 0:2:57]} 16. hxg5 {[%emt 0:0:9]} Rxh1+ {[%emt 0:0:5]} 17. Nxh1 {[%emt 0:0:3]} c5 {[%emt 0:4:30]} 18. Nd5 {[%emt 0:6:5]
} Bxd5 {[%emt 0:5:28]} 19. exd5 {[%emt 0:0:23]} Bg7 {[%emt 0:0:0]} 20. 0-0-0 {[%emt 0:2:40]} cxd4 {[%emt 0:1:50]} 21. Nf2 {[%emt 0:0:0]} Rc8 {[%emt 0:7:1]} 22. Kb1 {[%emt 0:7:49]} Nc5 {[%emt 0:25:53]} 23. Rd2 {[%emt 0:4:32]} Be5 {[%emt 0:4:26]} 24. Re2 {[%emt 0:0:14]} Kf8 {[%emt 0:0:0]} 25. Qd2 {[%emt 0:0:24]} Bg7 {[%emt 0:1:36]} 26. Ng4 {[%emt 0:0:49]} Re8 {[%emt 0:0:44]} 27. Rxe8+ {[%emt 0:1:1]} Kxe8 {[%emt 0:0:1]} 28. Nf6+ {[%emt 0:0:24]
} Kd8 {[%emt 0:1:14]} 29. Qe1 {[%emt 0:2:8]} Qe7 {[%emt 0:0:0]} 30. Qa5+ {[%emt 0:0:25]} Kc8 {[%emt 0:0:13]} 31. Bxb5 {[%emt 0:1:30]} axb5 {[%emt 0:1:9]} 32. Qa8+ {[%emt 0:0:5]} Kc7 {[%emt 0:0:3]} 33. Ne8+ {[%emt 0:0:7]
} Kd7 {[%emt 0:2:17]} 34. Qc6+ {[%emt 0:0:4]} Kd8 {[%emt 0:0:0]} 35. Nxd6 {[%emt 0:0:5]} Qd7 {[%emt 0:2:58]} 36. Qxc5 {[%emt 0:0:8]} d3 {[%emt 0:1:47]} 37. cxd3 {[%emt 0:0:7]} Be5 {[%emt 0:0:42]} 38. Ne4 {[%emt 0:0:52]
} b4 {[%emt 0:0:42]} 39. d6 {[%emt 0:0:25]} Qa4 {[%emt 0:0:26]
} 40. Qc7+ {[%emt 0:0:0]} 1-0

[Event "RUS-chT Premier 2021"]
[White "Gaifullin,Artur"]
[Black "Savchenko,Boris"]
[WhiteTeam "Ладья"]
[BlackTeam "Гоголевский, 14"]
[Site "Sochi"]
[Round "8.24"]
[Annotator "ChessBase"]
[Result "1/2-1/2"]
[Date "2021.05.09"]
[WhiteElo "2450"]
[BlackElo "2552"]
[PlyCount "158"]
[TimeControl "60"]

1. d4 {[%emt 0:0:0]} Nf6 {[%emt 0:0:0]} 2. c4 {[%emt 0:0:0]} e6 {[%emt 0:0:0]} 3. Nf3 {[%emt 0:0:0]} c5 {[%emt 0:0:6]} 4. d5 {[%emt 0:0:0]} b5 {[%emt 0:0:6]
} 5. Bg5 {[%emt 0:0:0]} b4 {[%emt 0:0:7]} 6. e4 {[%emt 0:0:0]} d6 {[%emt 0:0:8]} 7. Bd3 {[%emt 0:0:6]} Be7 {[%emt 0:0:46]} 8. 0-0 {[%emt 0:1:14]
} Nbd7 {[%emt 0:4:50]} 9. a3 {[%emt 0:17:13]} e5 {[%emt 0:7:29]
} 10. axb4 {[%emt 0:4:47]} cxb4 {[%emt 0:7:10]} 11. Qa4 {[%emt 0:2:17]} a5 {[%emt 0:8:14]
} 12. c5 {[%emt 0:6:51]} 0-0 {[%emt 0:2:20]} 13. Qc6 {[%emt 0:0:0]} Rb8 {[%emt 0:0:12]} 14. cxd6 {[%emt 0:11:3]} Bxd6 {[%emt 0:0:7]} 15. Be3 {[%emt 0:0:24]} Ng4 {[%emt 0:13:59]} 16. Ba7 {[%emt 0:14:29]} Rb7 {[%emt 0:0:17]
} 17. Qxd6 {[%emt 0:0:37]} Rxa7 {[%emt 0:0:7]} 18. Nbd2 {[%emt 0:4:29]
} f5 {[%emt 0:2:12]} 19. Qc6 {[%emt 0:1:48]} Rc7 {[%emt 0:0:0]} 20. Qa8 {[%emt 0:5:37]} Nc5 {[%emt 0:1:9]} 21. Bc4 {[%emt 0:0:39]} Qd6 {[%emt 0:5:58]} 22. Qxa5 {[%emt 0:0:32]} Kh8 {[%emt 0:0:11]} 23. h3 {[%emt 0:2:50]
} fxe4 {[%emt 0:12:43]} 24. Ng5 {[%emt 0:0:7]} Nf6 {[%emt 0:0:0]} 25. Qxb4 {[%emt 0:0:38]} h6 {[%emt 0:0:48]} 26. Ne6 {[%emt 0:1:0]} Nxd5 {[%emt 0:0:27]} 27. Bxd5 {[%emt 0:1:18]} Bxe6 {[%emt 0:0:9]} 28. Bxe6 {[%emt 0:0:21]} Qxe6 {[%emt 0:0:27]} 29. Nxe4 {[%emt 0:0:58]} Rfc8 {[%emt 0:0:0]} 30. Nxc5 {[%emt 0:1:0]} Rxc5 {[%emt 0:0:10]} 31. Ra8 {[%emt 0:3:19]
} Rxa8 {[%emt 0:3:9]} 32. Qxc5 {[%emt 0:0:5]} Rb8 {[%emt 0:0:26]} 33. Qc3 {[%emt 0:1:0]} Rb3 {[%emt 0:3:36]} 34. Qc2 {[%emt 0:0:54]} e4 {[%emt 0:0:0]} 35. Rd1 {[%emt 0:0:48]} Rb8 {[%emt 0:7:40]} 36. Re1 {[%emt 0:0:16]} Qb3 {[%emt 0:5:37]} 37. Qxb3 {[%emt 0:0:14]} Rxb3 {[%emt 0:0:7]} 38. Re2 {[%emt 0:0:2]
} g5 {[%emt 0:0:10]} 39. Kf1 {[%emt 0:0:12]} Kg7 {[%emt 0:0:0]} 40. Ke1 {[%emt 0:0:0]} Kf6 {[%emt 0:0:0]} 41. Kd1 {[%emt 0:1:23]} Kf5 {[%emt 0:5:47]} 42. Kc2 {[%emt 0:2:21]} Rb8 {[%emt 0:0:32]} 43. Re3 {[%emt 0:1:47]
} h5 {[%emt 0:1:55]} 44. Rc3 {[%emt 0:2:50]} Ra8 {[%emt 0:0:0]} 45. Kd2 {[%emt 0:12:50]} Rd8+ {[%emt 0:1:16]} 46. Ke3 {[%emt 0:0:39]} Rb8 {[%emt 0:0:17]} 47. b3 {[%emt 0:6:18]} Ke5 {[%emt 0:0:45]} 48. h4 {[%emt 0:11:21]
} gxh4 {[%emt 0:0:22]} 49. Rc5+ {[%emt 0:0:5]} Kf6 {[%emt 0:0:0]} 50. Rxh5 {[%emt 0:0:4]} Rxb3+ {[%emt 0:0:16]} 51. Kxe4 {[%emt 0:0:0]} Kg6 {[%emt 0:4:1]} 52. Rd5 {[%emt 0:0:38]} Rb6 {[%emt 0:3:51]} 53. Kf3 {[%emt 0:6:51]} Rf6+ {[%emt 0:0:13]} 54. Ke2 {[%emt 0:0:2]} Ra6 {[%emt 0:0:0]} 55. Re5 {[%emt 0:1:2]} Rb6 {[%emt 0:0:44]} 56. Kf1 {[%emt 0:0:34]} Rb1+ {[%emt 0:1:0]} 57. Re1 {[%emt 0:0:2]} Rb2 {[%emt 0:0:56]} 58. Kg1 {[%emt 0:0:13]
} Kg5 {[%emt 0:0:39]} 59. Re8 {[%emt 0:1:43]} Rb1+ {[%emt 0:0:0]} 60. Kh2 {[%emt 0:0:5]} Rf1 {[%emt 0:0:16]} 61. f3 {[%emt 0:1:22]} Rd1 {[%emt 0:0:47]} 62. Re5+ {[%emt 0:0:10]} Kg6 {[%emt 0:0:9]} 63. Ra5 {[%emt 0:1:25]
} Rb1 {[%emt 0:0:16]} 64. Kh3 {[%emt 0:1:16]} Rh1+ {[%emt 0:0:0]} 65. Kg4 {[%emt 0:0:4]} Rh2 {[%emt 0:0:14]} 66. Rg5+ {[%emt 0:0:5]} Kf6 {[%emt 0:0:29]} 67. Kf4 {[%emt 0:0:7]} Rh1 {[%emt 0:1:22]} 68. Rg8 {[%emt 0:0:35]
} Rg1 {[%emt 0:0:19]} 69. Rg4 {[%emt 0:0:6]} Rh1 {[%emt 0:0:0]} 70. Ke3 {[%emt 0:0:41]} h3 {[%emt 0:0:6]} 71. gxh3 {[%emt 0:0:29]} Rxh3 {[%emt 0:0:6]} 72. Ra4 {[%emt 0:0:4]} Rh1 {[%emt 0:0:6]} 73. Ke4 {[%emt 0:0:6]
} Re1+ {[%emt 0:0:5]} 74. Kf4 {[%emt 0:0:4]} Rf1 {[%emt 0:0:0]} 75. Ra6+ {[%emt 0:0:6]} Kf7 {[%emt 0:0:3]} 76. Ke4 {[%emt 0:0:6]} Rc1 {[%emt 0:0:5]} 77. f4 {[%emt 0:0:8]} Rc5 {[%emt 0:0:3]} 78. Kf3 {[%emt 0:0:8]
} Rd5 {[%emt 0:0:5]} 79. Kg4 {[%emt 0:0:6]} Rc5 {[%emt 0:0:0]} 1/2-1/2